|
|
|
|
| LEADER |
00000nam0a2200000 4500 |
| 001 |
81210 |
| 005 |
20231101213145.0 |
| 010 |
|
|
|a 5030033289
|
| 035 |
|
|
|a (RuTPU)RU\TPU\book\87309
|
| 090 |
|
|
|a 81210
|
| 100 |
|
|
|a 20050919d2002 m y0rusy50 ca
|
| 101 |
1 |
|
|a rus
|c eng
|
| 102 |
|
|
|a RU
|
| 105 |
|
|
|a a z 001zy
|
| 200 |
1 |
|
|a Молекулярная биотехнология. Принципы и применение
|e пер. с англ.
|f Б. Глик, Дж. Пастернак
|
| 210 |
|
|
|a Москва
|c Мир
|d 2002
|
| 215 |
|
|
|a 589 с.
|c ил.
|
| 225 |
1 |
|
|a Лучший зарубежный учебник
|
| 320 |
|
|
|a Библиогр. в конце глав.
|
| 320 |
|
|
|a Словарь терминов: с. 543-565.
|
| 320 |
|
|
|a Предметный указатель: с. 567-581.
|
| 320 |
|
|
|a Указатель латинских названий: с. 582-583.
|
| 330 |
|
|
|a Современное руководство по биотехнологии, написанное авторитетными канадскими учеными. В книге подробно изложены основы генной инженерии: механизмы репликации, транскрипции и трансляции; методы клонирования, амплификации и секвенирования ДНК; конструирование рекомбинантных ДНК; введение последовательностей-мишеней в геном микроорганизмов, растений и животных, а также практическое применение генной инженерии для получения лекарственных веществ, вакцин, факторов роста, инсектицидов и т.д. Большое внимание уделено генной терапии и связанным с ней морально-этическим проблемам, патентованию биотехнологических продуктов и способов их получения. Для студентов университетов, сельскохозяйственных и медицинских институтов, а также для научных работников и специалистов по биотехнологии.
|
| 606 |
1 |
|
|a Молекулярная биотехнология
|2 stltpush
|3 (RuTPU)RU\TPU\subj\80743
|9 88344
|
| 610 |
1 |
|
|a молекулярная биотехнология
|
| 610 |
1 |
|
|a ДНК
|
| 610 |
1 |
|
|a РНК
|
| 610 |
1 |
|
|a белки
|
| 610 |
1 |
|
|a химический синтез
|
| 610 |
1 |
|
|a нуклеотиды
|
| 610 |
1 |
|
|a гены
|
| 610 |
1 |
|
|a клонирование
|
| 610 |
1 |
|
|a мутагенез
|
| 610 |
1 |
|
|a микробиологические системы
|
| 610 |
1 |
|
|a иммунодиагностика
|
| 610 |
1 |
|
|a вакцины
|
| 610 |
1 |
|
|a токсичные соединения
|
| 610 |
1 |
|
|a биодеградация
|
| 610 |
1 |
|
|a инсектициды
|
| 610 |
1 |
|
|a растения
|
| 610 |
1 |
|
|a трансгенные животные
|
| 610 |
1 |
|
|a человек
|
| 610 |
1 |
|
|a молекулярная генетика
|
| 610 |
1 |
|
|a применение
|
| 610 |
1 |
|
|a контроль
|
| 610 |
1 |
|
|a биотехнологические изобретения
|
| 610 |
1 |
|
|a патентование
|
| 675 |
|
|
|a 60
|v 3
|
| 700 |
|
1 |
|a Глик
|b Б.
|
| 701 |
|
1 |
|a Пастернак
|b Дж.
|
| 801 |
|
1 |
|a RU
|b 63413507
|c 20050919
|g PSBO
|
| 801 |
|
2 |
|a RU
|b 63413507
|c 20220802
|g PSBO
|
| 900 |
|
|
|a Теоретические основы биотехнологии
|
| 900 |
|
|
|a Основы биотехнологии
|
| 942 |
|
|
|c BK
|